Cognition: a multiple view

Salvato in:
Dettagli Bibliografici
Autore principale: Garvin, Paul L (Autore)
Natura: Libro
Lingua:inglese
Pubblicazione: Nueva York Spartan books 1970
Soggetti:
Tags: Aggiungi Tag
Nessun Tag, puoi essere il primo ad aggiungerne!!

MARC

LEADER 00000nam a2200000 a 4500
001 UCJ8939
003 CL-VaPUC
008 070126e19700000US |||||||||||||||||eng|d
020 |a 0876711581 
082 0 4 |a 153.4  |b GAR  |2 21 
100 |a Garvin, Paul L  |e author  |9 534555 
245 1 0 |a Cognition: a multiple view 
300 |a 428 p 
942 |c BK 
945 |d 20070126 00:00:00  |a jtorresc 
260 |a Nueva York  |b Spartan books  |c 1970 
500 |a Donación de la Dra. Marianne Peronard Thierry 
650 0 |a Cognición   |9 270347 
650 0 |a Procesos mentales superiores  |9 330839 
650 7 |a NEUROFISIOLOGIA  |2 CL-VaPUC  |9 518757 
650 0 |a Psicolingüística   |9 283371 
650 0 |a Cibernética  |9 270269 
583 |a last modification  |c 20070126 00:00:00  |k Rodrigo Vera 
999 |c 324583  |d 324581 
952 |0 0  |1 0  |4 0  |6 153_400000000000000_GAR_1970  |7 0  |8 A  |9 404850  |a FDOPOS  |b FDOPOS  |d 2019-11-22  |i 4318277  |o 153.4 GAR 1970  |p 4318277  |r 2025-01-22  |w 2019-11-22  |y BK  |k MLA